000 01164nam a2200253Ia 4500
003 Ost
005 20260507074855.0
008 260507s9999||||xx |||||||||||||| ||und||
040 _cfsecg
041 _aara
082 _a339
100 _aالوادي، محمود حسين
_eمؤلف
245 0 _aالإقتصاد الكلي /
_c محمود حسين الوادي
260 _aعمان:
_bدار المسيرة للنشر والتوزيع,
_c2007
300 _a272 صفحة؛
_bإيضاحات ؛
_c25 سم
504 _aبيبليوغرافيا: ص.271
520 _aيضم بعض المفاهيم الأساسية في مجال الاقتصاد الكلي، الدخل القومي، نظرية الدخل والاستخدام والانتاج، التضخم والبطالة، النقود والبنوك، التجارة الخارجية، التنمية الاقتصادية
653 _aالاقتصاد الكلي
653 _aالتجارة الخارجية
653 _aالتنمية الاقتصادية
653 _aالدخل القومي
700 _aالعيساوي، جاسم كاضم
_eمؤلف ثانوي
942 _cكتاب
999 _c41607
_d41607